| 000 | 00511nam a2200145Ia 4500 | ||
|---|---|---|---|
| 008 | 100122s9999 xx 000 0 und d | ||
| 082 |
_b13963 _a575.12 |
||
| 100 | _aसोवनी रा वि | ||
| 245 | _aमानवी अनुवंशीकता | ||
| 260 |
_bमहाराष्ट्र सहकार ग्रंथ भवन _c1966 |
||
| 300 | _a97 | ||
| 630 | _aमानवी अनुवंशीकता | ||
| 730 | _aमानवी अनुवंशीकता | ||
| 942 | _cBOOK | ||
| 999 |
_c404655 _d404652 |
||